Cuatro poetas españoles

Uloženo v:
Podrobná bibliografie
Hlavní autor: Alonso, Dámaso
Médium: Kniha
Jazyk:Undetermined
Vydáno: Madrid, España Gredos 1962
Témata:
Tagy: Přidat tag
Žádné tagy, Buďte první, kdo vytvoří štítek k tomuto záznamu!

MARC

LEADER 00000nam a2200000Ia 4500
008 170316s9999 xx 000 0 und d
040 |a cru BVZT 
090 |a 862 A-17c 
100 |a Alonso, Dámaso 
245 |a Cuatro poetas españoles 
260 |a Madrid, España 
260 |b Gredos 
260 |c 1962 
300 |a 190 páginas 
650 |a LITERATURA ESPAÑOLA 
999 |c 9375  |d 9375 
942 |c 15 D  |h 862 A-17c  |2 z